000 00388nam a22001457a 4500
999 _c60520
_d60520
005 20230816164844.0
008 230810s1968 fr ||||| |||| 00| 0 fre d
080 _a75 F-85
100 _aDe Franciscis, Alfonso
_919661
245 _aPompei /
_cAlfonso De Franciscis.
264 _aNovara,
_c1968.
300 _a108 p. :
_bill.;
_c31 cm.
653 _aპომპეი
942 _2udc
_cBK